Responses for Show #7632 - Tuesday, November 14, 2017

2017 Tournament of Champions semifinal game 2.

Contestants

[<< previous game]

Lisa Schlitt, a microbiologist from Berwyn, Pennsylvania

Jason Sterlacci, a fourth grade teacher from Somerset, New Jersey

Buzzy Cohen, a music executive from Los Angeles, California

[next game >>]

Jeopardy! Round responses

POETS & POETRY
11-LETTER WORDS
MEET YOUR AUTOMAKER
SENATOR JOHN
FASHION: 1900 TO 1950
"M" TV SHOWS
(Alex: Each correct response, of course, begins with that letter.)
    $200 30
(Rabbie) Burns

Jason
    $200 24
(Buzzy: What is... aquaphobia?)

hydrophobia

BuzzyJason
    $200 28
Cadillac

Buzzy
    $200 26
Jay Rockefeller

Triple Stumper
    $200 29
Dior

Lisa
    $200 27
Mom

Jason
    $400 11
J. Alfred Prufrock

Jason
    $400 23
a triumvirate

Lisa
    $400 4
Toyota

Lisa
    $3,000 25
John Kerry

Jason
    $400 22
flappers

Buzzy
    $400 16
MacGyver

Buzzy
    $600 13
Beowulf

Buzzy
    $600 10
fortnightly

Lisa
    $600 1
(Jason: What is... Jeep?)

Subaru

BuzzyJason
    $600 9
(John) Sherman

Lisa
    $600 15
(Alex: And we could have looked at it for a little longer, but we're going to take a break.)
[Jason chuckles.]

a zoot suit

Jason
    $600 12
(Alex: Yes, Bear Grylls.)

Man vs. Wild

Buzzy
    $800 14
Snowy River

Triple Stumper
    $800 19
Weltschmerz

Jason
    $800 2
Mercedes-Benz

Buzzy
    $800 7
Rhode Island

Jason
    $800 18
a corset

Jason
    $800 5
Moonlighting

Jason
    $1000 21
"Dover Beach"

Triple Stumper
    $1000 20
viniculture

Buzzy
    $1000 3
(Lisa: Ah. Uh... what is--)
[The time expiry signal sounds.]
(Lisa: --also Mercedes?)

Volvo

BuzzyLisa
    $1000 8
John Cornyn

Jason
    $1000 17
(Buzzy: [After being given the response] [*], yeah.)

plus fours

Triple Stumper
    $1000 6
(Alex: Just one series--[*].)

McCloud

Triple Stumper

Scores at the first commercial break (after clue 15):

Buzzy Jason Lisa
$3,600 $3,000 $600

Scores at the end of the Jeopardy! Round:

Buzzy Jason Lisa
$5,400 $8,200 $1,200

Double Jeopardy! Round responses

COLORFUL AMERICAN CITIES
PRECIOUS TIME
DOCUMENTARIES
WIDOWS IN THE BIBLE
ART
HIDDEN FIGURES
(Alex: Each correct response contains a number spelled out in the response.)
    $400 26
Green Bay

Jason
    $400 27
midnight

Buzzy
    $400 29
Amy Winehouse

Buzzy
    $400 30
Ichabod

Jason
    $400 23
[Buzzy did not include the leading article in his response.]

The Starry Night

Buzzy
    $400 20
a weight

Buzzy
    $800 25
(Alex: Right, less than a minute now.)

Golden

Jason
    $800 24
scholar

Jason
    $800 3
March of the Penguins

Buzzy
    $2,000 28
(Buzzy: Who is... it's either [*] or Esther, so I'll say "Who is Esther?")
(Alex: You should have said "Who is [*]?")
(Buzzy: All right. [Laughs])

Ruth

Buzzy
    $800 22
(Marc) Chagall

Buzzy
    $800 18
(Alex: Yes, "nine".)
(Buzzy: Now I get it.)
[Laughter]

a mezzanine

Buzzy
    $1200 1
West Orange

Lisa
    $1200 10
dusk

Buzzy
    $1200 4
(Edward) Snowden

Jason
    $1200 9
he is brought back to life

Triple Stumper
    $4,000 8
pastel

Buzzy
    $1200 13
(Buzzy: What is... one?)
...
(Alex: What is [*]?)
(Jason: Oh.)
(Alex: There's "ten" in there.)
(Jason: Okay, I got it.)
...
(Buzzy: Still not sure I get it, so I'm going to go to ART for $1600.)
[Laughter]

a tense

Buzzy
Triple Stumper
    $1600 2
Whitefish

Triple Stumper
    $1600 11
bells

Buzzy
    $1600 6
McNamara

Buzzy
    $1600 21
(Alex: You could have taken a guess and said [*].)
(Buzzy: Yeah.)

Corinth

Triple Stumper
    $1600 14
(Marcel) Duchamp

Buzzy
    $1600 17
driftwood

Lisa
    $2000 5
(Lisa: What's Blackhawk?)

Red Cloud

JasonLisa
    $2000 12
(Lisa: What is... vespers?)

3:00 P.M.

Lisa
Triple Stumper
    $2000 7
Exit Through the Gift Shop

Buzzy
    $2000 16
Uriah

Lisa
    $2000 15
(Buzzy: What is The Garden of Eden?)

The Peaceable Kingdom

Buzzy
Triple Stumper
    $2000 19
onerous

Jason

Scores at the end of the Double Jeopardy! Round:

Buzzy Jason Lisa
$16,200 $15,800 $2,000

[wagering suggestions for these scores]

Final Jeopardy! Round responses

THEATRE
LisaWhat is [illegible]
$2,000
JasonWhat is Peter Pan?
$15,799
BuzzyWhat is Waiting for Godot?
$15,401
Waiting for Godot

Final scores:

Buzzy Jason Lisa
$31,601 $1 $0
Finalist 2nd place: $10,000 3rd place: $10,000

Game dynamics:

Coryat scores:

Buzzy Jason Lisa
$15,400 $13,200 $2,000
22 R
(including 1 DD),
4 W
(including 1 DD)
18 R
(including 1 DD),
1 W
8 R,
3 W

Combined Coryat: $30,600

[game clues] [game scores] [suggest correction]

Game tape date: 2017-09-19
The J! Archive is created by fans, for fans. Scraping, republication, monetization, and malicious use prohibited; this site may use cookies and collect identifying information. See terms. The Jeopardy! game show and all elements thereof, including but not limited to copyright and trademark thereto, are the property of Jeopardy Productions, Inc. and are protected under law. This website is not affiliated with, sponsored by, or operated by Jeopardy Productions, Inc. Join the discussion at JBoard.tv.